Guess The Clash Royale Card (Medium Edition) - Statistics

General Stats
  • This quiz has been taken 439 times
  • The average score is 4 of 10
Answer Stats
Hint Answer % Correct
"Fish Slap!" Fisherman
88%
Most expensive card Three Musketeers
78%
Rated "?" Elixir Mirror
74%
"Out of my way!" Ram Rider
60%
Arguably the worst Spawner Barbarian Hut
55%
Most hated spell: Rage
47%
Card used in Hog Cycle Ice Golem
45%
Latest Champion (now) Mighty Miner
42%
Spell, Epic Freeze
39%
Arena 7, Legendary Mega Knight
31%
Tower, Epic X-Bow
31%
Arena 2, Rare Tombstone
29%
Least nerfed/buffed card Electro Spirit
19%
Serenity Peak, Legendary Night Witch
11%
Swarm Troop, Common Royal Recruits
5%
No matching quizzes found
Score Distribution
Percent of People with Each Score
Percentile by Number Answered
Your Score History
You have not taken this quiz